| 000 | 00873cam a2200145ua 4500 | ||
|---|---|---|---|
| 041 |
_aeng _h |
||
| 082 |
_a625.7 _bIND/SP |
||
| 110 | 1 |
_aIndian Standards Institution . _bISI _c() |
|
| 245 | _aSpecification for vibrating rollers IS:5500-1977 | ||
| 260 |
_aNew Delhi : _bIndian Standards Institution , _c1977. |
||
| 300 |
_a12 : _b506 ; . |
||
| 504 | _a | ||
| 942 | _cBK | ||
| 999 |
_c10562 _d10562 |
||